000 00657nam a2200265Ia 4500
005 20260121114435.0
008 008 260114s9999 xx 000 0 eng d
020 _a9789390466597
037 _aEBOOK
040 _aCRL
040 _beng
040 _cCRL
041 _2eng
041 _aeng
084 _qCRL
100 _aLuchs
_9975085
245 0 _aDesign Thinking: New Product Development Essentials from the PDMA
260 _bWiley
260 _c2020
650 _aStrategic Management
_9975086
856 _uhttps://ebooks.wileyindia.com/product-details/284235
942 _cEBOOK
999 _c1554157
_d1554157